Análisis y diseño del servicio de teléfonos públicos del Instituto Costarricense de Electricidad.
Uloženo v:
| Hlavní autor: | |
|---|---|
| Další autoři: | |
| Médium: | Kniha |
| Vydáno: |
[San José , Costa Rica]
1995
|
| Témata: | |
| Tagy: |
Přidat tag
Žádné tagy, Buďte první, kdo vytvoří štítek k tomuto záznamu!
|
MARC
| LEADER | 00000nam a2200000Ia 4500 | ||
|---|---|---|---|
| 003 | 007661 | ||
| 005 | 20221231144254.0 | ||
| 008 | 140114s1995 cr a m 000 ||s d | ||
| 040 | |c cru CEDI | ||
| 090 | |a TFG 3271 | ||
| 100 | |a Gutiérrez M., Cynthia |9 10751 | ||
| 245 | |a Análisis y diseño del servicio de teléfonos públicos del Instituto Costarricense de Electricidad. | ||
| 260 | |c 1995 |a [San José , Costa Rica] | ||
| 500 | |a Proyecto de graduacion (licenciatura en ingenieria industrial)--Universidad de Costa Rica. Facultad de Ingeniería. Escuela de Ingenieria Industrial | ||
| 501 | |a El CEDI solo contiene v. 2 : Anexos | ||
| 650 | |x TELEFONOS - COSTA RICA - INVESTIGACIONES |9 10753 | ||
| 700 | |9 10752 |a Sánchez A., Jorge | ||
| 942 | |c TFG |2 ddc | ||
| 999 | |c 19402 |d 19402 | ||
